| 000 | 00454cam a22001932a 4500 | ||
|---|---|---|---|
| 001 | 019942 | ||
| 003 | AR-FADEU | ||
| 008 | 311216n1968####xxu####################dd | ||
| 092 |
_a822.912 _bE42cp |
||
| 100 | _aEliot, T. S. | ||
| 245 | _aThe cocktail party | ||
| 260 | _aLondon | ||
| 260 | _bFaber and Faber | ||
| 260 | _c1968 | ||
| 300 | _a185 p | ||
| 650 | _aLITERATURA INGLESA-SIGLO XX; TEATRO/REVISADO/ | ||
| 546 | _aInglés | ||
| 942 | _cBDGR | ||
| 999 |
_c25667 _d25667 |
||